Spišské divadlo dostalo rozpočet iba na prežívanie priemerný plat herca je 9 717Š.Fejko:"Umelecká tvorba bude mať pozíciu popolušky."

Bibliographic Details
Main Author: Karasová, Erika, 1973- (Author)
Corporate Author: Spišské divadlo (Author)
Format: Article
Language:Slovak
ISSN:1335-759X
Subjects:

MARC

LEADER 00000nab a2200000 a 4500
001 vtls001020503
003 SK-MaSNL
005 20260303201342.0
008 040720e20030308xo 0 slo
035 |a SN6407 
040 |a SNSK  |b slo  |c SNSK  |e AACR2 
041 0 |a slo 
044 |a xo  |c SK 
080 |a 792  |2 1981 
080 |a 336.12  |2 1981 
100 1 |a Karasová, Erika,  |d 1973-   |4 aut  |9 89869 
245 1 0 |a Spišské divadlo dostalo rozpočet iba na prežívanie  |b priemerný plat herca je 9 717Š.Fejko:"Umelecká tvorba bude mať pozíciu popolušky." 
518 |a r. 2003 
610 2 7 |a Spišské divadlo  |2 SNSK  |9 32010 
650 0 7 |a rozpočty štátne  |2 SNSK  |9 880517 
651 7 |a Spišská Nová Ves (Slovensko)  |2 SNSK  |9 28800 
651 7 |a SN,  |2 SNSK  |9 1021277 
655 7 |a periodikum  |2 snkbucl  |9 29553 
710 2 |a Spišské divadlo  |4 aut  |9 32010 
773 0 8 |t Spišský denník  |g Roč. 5, č.56, 8.3.2003, s. 1  |x 1335-759X 
852 |a ZVYKNI  |b KIS3GCP 
999 |c 2173513  |d 2175443